| 000 | 00558nam a2200181Ia 4500 | ||
|---|---|---|---|
| 008 | 090122s9999 xx 000 0 und d | ||
| 082 |
_b1322 _a920.71 |
||
| 100 |
_aकीर _bधनंजय |
||
| 245 | _aडॉ बाबासाहेब आंबेडकर | ||
| 260 |
_bपॉप्युलर _c1989 |
||
| 300 | _a558 | ||
| 501 | _a-- | ||
| 600 | _aकीर | ||
| 630 | _aडॉ बाबासाहेब आंबेडकर | ||
| 700 | _aकीर | ||
| 730 | _aडॉ बाबासाहेब आंबेडकर | ||
| 942 | _cBOOK | ||
| 999 |
_c25400 _d25400 |
||